00320nam a2200121Ia 4500008004100000020001800041041001200059100002100071245006500092260002500157300000800182650000800190221220s9999 xx 000 0 und d a81-940036-8-7 aEnglish aN. V. Paranajape 0aStudies in Jurisprudence & Legal Theorycby N. V. Paranajape bCLAaAllahabadc2022 a658 aLaw